[Event "AUTO-ADV-2192"]
[Site "http://www.queenalice.com/game.php?id=950198"]
[Date "2011.6.15"]
[Round "1"]
[White "ppaazziinnii"]
[Black "ReidoBaralho"]
[Result "1-0"]
[WhiteElo "1939"]
[BlackElo "1627"]

1. e4 e5 2. Nf3 c6 3. d4 d6 4. dxe5 d5 5. exd5 Qa5+ 6. Nc3 cxd5 7. Qxd5 Qc7 8.
Bb5+ Bd7 9. Bxd7+ Nxd7 10. O-O Ne7 11. Qe4 g6 12. e6 Nf6 13. exf7+ Kxf7 14. Bg5
Nxe4 15. Nxe4 Qxc2 16. Rfe1 Nf5 17. Rac1 Qxb2 18. Rc7+ Be7 19. Nd6+ Nxd6 20.
Ne5+ Ke8 21. Rxe7+ Kf8 22. Nd7+ Kg8 23. Nf6+ Qxf6 24. Bxf6 Nf7 25. Bxh8 Kf8 26.
Bd4 b6 27. h3 Rd8 28. Bf6 Nd6 29. Rxa7 Rc8 30. Be7+ Kg7 31. Bxd6+ Kh6 32. Bf4+
Kh5 33. Rxh7# 1-0

[Event "AUTO-ADV-2192"]
[Site "http://www.queenalice.com/game.php?id=950199"]
[Date "2011.6.15"]
[Round "1"]
[White "ReidoBaralho"]
[Black "ppaazziinnii"]
[Result "0-1"]
[WhiteElo "1709"]
[BlackElo "1889"]

1. e4 e5 2. Qh5 Nc6 3. Bc4 g6 4. Qf3 Nf6 5. d3 Nd4 6. Qd1 Bc5 7. c3 Nc6 8. Nf3
d6 9. Ng5 O-O 10. Bxf7+ Rxf7 11. Nxf7 Kxf7 12. Bg5 Bxf2+ 13. Kxf2 Ng4+ 14. Kg3
Qxg5 15. Qf1+ Nf6+ 16. Kf2 Kg7 17. Nd2 Qxd2+ 18. Kf3 Qf4+ 19. Ke2 Bg4+ 20. Ke1
Qe3+ 0-1

[Event "AUTO-ADV-2192"]
[Site "http://www.queenalice.com/game.php?id=950200"]
[Date "2011.6.15"]
[Round "1"]
[White "ppaazziinnii"]
[Black "CocorickO"]
[Result "1-0"]
[WhiteElo "1943"]
[BlackElo "1738"]

1. e4 e5 2. Nf3 d6 3. Bc4 Be6 4. Bxe6 fxe6 5. Nc3 Nc6 6. d3 Nd4 7. Bg5 Be7 8.
Bxe7 Qxe7 9. Nxd4 exd4 10. Ne2 e5 11. c3 dxc3 12. bxc3 O-O-O 13. a4 Qg5 14. O-O
Nf6 15. a5 a6 16. Rb1 Ng4 17. h3 Nf6 18. Qb3 Qd2 19. Qxb7+ Kd7 20. Ng3 Qxd3 21.
Qb4 Rb8 22. Qa4+ c6 23. Rb6 Rxb6 24. axb6 Rb8 25. Qb4 c5 26. Qa4+ Ke7 27. Qc6
Qb5 28. Qc7+ Nd7 29. Nf5+ Kf6 30. Qxd6+ Kg5 31. Qe7+ Nf6 32. Qxg7+ Kf4 33. Qg3+
Kxe4 34. Nd6+ 1-0

[Event "AUTO-ADV-2192"]
[Site "http://www.queenalice.com/game.php?id=950201"]
[Date "2011.6.15"]
[Round "1"]
[White "CocorickO"]
[Black "ppaazziinnii"]
[Result "0-1"]
[WhiteElo "1694"]
[BlackElo "1880"]

1. e4 e5 2. Nf3 Nc6 3. Bb5 d6 4. Nc3 Bg4 5. Be2 Nf6 6. Ng5 Bxe2 7. Qxe2 Nd4 8.
Qd3 Be7 9. h4 Nh5 10. Nb5 Nf4 11. Qc4 O-O 12. O-O Bxg5 13. hxg5 Qxg5 14. g3 Nf3+
15. Kh1 Qh5# 0-1

[Event "AUTO-INT-1962"]
[Site "http://www.queenalice.com/game.php?id=951831"]
[Date "2011.6.20"]
[Round "2"]
[White "tonycorreia"]
[Black "ppaazziinnii"]
[Result "0-1"]
[WhiteElo "1933"]
[BlackElo "1905"]

1. e4 e5 2. Nc3 Nf6 3. a3 Bc5 4. Nd5 d6 5. d3 h6 6. h3 Be6 7. Nxf6+ Qxf6 8. Nf3
Nc6 9. Be2 Nd4 10. O-O g5 11. Nxd4 Bxd4 12. c3 Bb6 13. Bh5 O-O-O 14. Be3 Bxe3
15. fxe3 Qg7 16. Qa4 a6 17. Rf2 f6 18. Raf1 Rdf8 19. g4 Bf7 20. Rxf6 Bxh5 21.
Rxf8+ Rxf8 22. Rxf8+ Qxf8 23. gxh5 Qf7 24. d4 Qxh5 25. dxe5 dxe5 26. c4 c6 27.
Qc2 Qxh3 28. Qf2 Qg4+ 29. Kf1 Kc7 30. Qf7+ Kb6 31. c5+ Ka7 32. Qc4 Qh3+ 33. Ke2
Qg2+ 34. Kd3 Qf1+ 35. Kc3 Qc1+ 36. Kb3 Qxe3+ 37. Ka4 g4 38. Qc2 g3 39. b4 Qf2
40. Qd1 g2 41. Qd8 Qd4 42. Qb6+ Kb8 43. Ka5 g1=Q 44. a4 Qg5 45. b5 Qgd8 46. bxa6
Qc3# 0-1

[Event "AUTO-INT-1962"]
[Site "http://www.queenalice.com/game.php?id=951832"]
[Date "2011.6.20"]
[Round "2"]
[White "ppaazziinnii"]
[Black "tonycorreia"]
[Result "1-0"]
[WhiteElo "1946"]
[BlackElo "1823"]

1. e4 e5 2. Nf3 Nc6 3. Bb5 Qf6 4. d3 h6 5. Nc3 Nd4 6. Nxd4 exd4 7. Nd5 Qd6 8.
Bc4 g5 9. c3 dxc3 10. bxc3 c6 11. Ne3 Ne7 12. O-O b5 13. Bb3 Ng6 14. d4 f6 15.
Re1 Bb7 16. Nf5 Qc7 17. a4 Qa5 18. Bb2 O-O-O 19. axb5 Qxb5 20. Rxa7 d5 21. Ba3
Bxa3 22. Rxa3 dxe4 23. Rxe4 c5 24. d5 Qb6 25. c4 Rde8 26. Rxe8+ Rxe8 27. h3 h5
28. Ng7 Rd8 29. Qxh5 Ne7 30. Qg4+ Kb8 31. Ne6 Bc8 32. Qg3+ Rd6 33. Bc2 Bb7 34.
Rb3 Qa6 35. Nxc5 Qa1+ 36. Kh2 Qe5 37. Rxb7+ Kc8 38. Qxe5 fxe5 39. Rxe7 Rh6 40.
Rxe5 g4 41. Bf5+ Kd8 42. Bxg4 Rf6 43. f3 Rb6 44. f4 Rh6 45. Rg5 Ke7 46. Ne4 Ra6
47. Rg7+ Kf8 48. Rc7 Ra4 49. Bh5 Ra6 50. Rf7+ Kg8 51. Nf6+ 1-0

[Event "AUTO-INT-1962"]
[Site "http://www.queenalice.com/game.php?id=951835"]
[Date "2011.6.20"]
[Round "2"]
[White "thedocwat"]
[Black "ppaazziinnii"]
[Result "1-0"]
[WhiteElo "1606"]
[BlackElo "1934"]

1. e4 e5 2. Nf3 Nc6 3. Bb5 Bc5 4. O-O d6 5. c3 Bd7 6. d4 exd4 7. cxd4 Bb6 8. Nc3
Nf6 9. Bg5 h6 10. Bh4 g5 11. d5 Ne5 12. Bxd7+ Qxd7 13. Bg3 Ng6 14. e5 Nh5 15.
exd6 Nxg3 16. hxg3 Qxd6 17. Re1+ Ne7 18. Ne4 Qg6 19. Qa4+ c6 20. d6 Nf5 21. Rad1
O-O 22. Ne5 Qh5 23. Nf6+ Kh8 24. Nxh5 Rad8 25. Qb3 Nxd6 26. Nc4 1-0

[Event "AUTO-INT-1962"]
[Site "http://www.queenalice.com/game.php?id=951836"]
[Date "2011.6.20"]
[Round "2"]
[White "ppaazziinnii"]
[Black "thedocwat"]
[Result "1-0"]
[WhiteElo "1917"]
[BlackElo "1580"]

1. e4 e5 2. Nf3 Nc6 3. Bb5 a6 4. Bxc6 dxc6 5. d3 Bd6 6. h3 h6 7. Nc3 Nf6 8. O-O
O-O 9. Be3 Be6 10. Re1 c5 11. Qd2 b5 12. a3 b4 13. axb4 cxb4 14. Ne2 a5 15. Ng3
c5 16. Nh4 g5 17. Nhf5 Kh7 18. Bxg5 hxg5 19. Qxg5 Rg8 20. Qh6# 1-0

[Event "Challenge"]
[Site "http://www.queenalice.com/game.php?id=957866"]
[Date "2011.7.7"]
[Round "-"]
[White "cassio123"]
[Black "ppaazziinnii"]
[Result "0-1"]
[WhiteElo "1334"]
[BlackElo "1935"]

1. e4 e5 2. Nf3 Nc6 3. Nc3 Nf6 4. Bc4 Bc5 5. d3 h6 6. Qe2 d6 7. O-O Bg4 8. h3
Bh5 9. Be3 Bd4 10. Bxd4 Nxd4 11. Qe3 Bxf3 12. gxf3 Nxc2 13. Qe2 Nxa1 14. Rxa1
Nh5 15. f4 Nxf4 16. Qf3 Qg5+ 17. Kf1 O-O 18. Bd5 c6 19. Bb3 b5 20. Ne2 Nxe2 21.
Qxe2 Kh8 22. Qe1 f5 23. Rc1 c5 24. Bd5 Rac8 25. Be6 Rc7 26. Qa5 Qxc1+ 27. Kg2
Re7 28. Bxf5 Qxb2 29. a4 bxa4 30. Qxa4 Qd4 31. Qc2 a5 32. Qe2 Rb7 33. Qh5 Rb2
34. Qh4 Rxf5 0-1

[Event "AUTO-ADV-2099"]
[Site "http://www.queenalice.com/game.php?id=964276"]
[Date "2011.7.24"]
[Round "2"]
[White "ppaazziinnii"]
[Black "tewald"]
[Result "1-0"]
[WhiteElo "1937"]
[BlackElo "1940"]

1. e4 e6 2. d4 d5 3. e5 c5 4. Nf3 cxd4 5. Nxd4 Nc6 6. Bb5 Bd7 7. Bxc6 bxc6 8.
Nc3 a6 9. O-O Ne7 10. Bg5 Qb6 11. b3 Ng6 12. Qd3 c5 13. Nf3 h6 14. Bh4 Nxh4 15.
Nxh4 Be7 16. Nf3 O-O 17. Rad1 Qb7 18. Rfe1 Bc6 19. h3 Rad8 20. Ne2 d4 21. Ng3
Rfe8 22. Nh5 Bxf3 23. Qxf3 Qxf3 24. gxf3 Rf8 25. Kh2 a5 26. Rg1 g6 27. f4 Kh7
28. Nf6+ Bxf6 29. exf6 Rd5 30. Rde1 Rf5 31. Re5 Rxf4 32. Rxc5 Rxf2+ 33. Kg3 Rxf6
34. Rxa5 Rf5 35. Rxf5 gxf5 36. Kf4 f6 37. Rd1 Rc8 38. Rd2 h5 39. a4 Kg6 40. h4
e5+ 41. Kf3 Rc3+ 42. Ke2 f4 43. Kd1 Kf5 44. Rd3 Rxd3+ 45. cxd3 Kg4 46. a5 Kf3
47. a6 Ke3 48. a7 f3 49. a8=Q f2 50. Qe4# 1-0

[Event "AUTO-ADV-2099"]
[Site "http://www.queenalice.com/game.php?id=964277"]
[Date "2011.7.24"]
[Round "2"]
[White "tewald"]
[Black "ppaazziinnii"]
[Result "1-0"]
[WhiteElo "1904"]
[BlackElo "1952"]

1. e4 e5 2. Nf3 Nc6 3. d4 exd4 4. Nxd4 Nxd4 5. Qxd4 b6 6. Nc3 Bb7 7. Bd3 c5 8.
Qe3 Be7 9. Qg3 g6 10. Nd5 Bxd5 11. exd5 Nf6 12. Bh6 Nxd5 13. O-O-O Rc8 14. Rhe1
Nb4 15. Qe5 Rg8 16. Bb5 Rc7 17. Bg5 f6 18. Bxf6 1-0

[Event "AUTO-ADV-2099"]
[Site "http://www.queenalice.com/game.php?id=964278"]
[Date "2011.7.24"]
[Round "2"]
[White "ppaazziinnii"]
[Black "goldenboy"]
[Result "0-1"]
[WhiteElo "1957"]
[BlackElo "2096"]

1. e4 e5 2. Nf3 Nc6 3. Bb5 Bc5 4. d3 d6 5. h3 Ne7 6. Nc3 O-O 7. O-O f5 8. Bc4+
Kh8 9. Ng5 Qe8 10. Be6 f4 11. Qg4 Qg6 12. Nf7+ Rxf7 13. Qxg6 hxg6 14. Bxf7 Nd4
15. Bb3 c6 16. Bd2 f3 17. Be3 fxg2 18. Kxg2 Nxb3 19. axb3 Bxe3 20. fxe3 Be6 21.
d4 exd4 22. exd4 a6 23. Ne2 g5 24. Rf2 Ng6 25. Ng3 Nf4+ 26. Kf3 Nxh3 27. Rh2 Kg8
28. Rf1 Rf8+ 29. Ke2 Nf4+ 30. Ke3 g6 31. Rff2 Kg7 32. Ne2 Nh5 33. Rxf8 Kxf8 34.
c4 Kg7 0-1

[Event "AUTO-ADV-2099"]
[Site "http://www.queenalice.com/game.php?id=964279"]
[Date "2011.7.24"]
[Round "2"]
[White "goldenboy"]
[Black "ppaazziinnii"]
[Result "1-0"]
[WhiteElo "2105"]
[BlackElo "1947"]

1. e4 e5 2. f4 Nc6 3. Nf3 d6 4. Bc4 Nf6 5. d3 Be7 6. fxe5 dxe5 7. Bg5 O-O 8. Nc3
Bg4 9. h3 Bh5 10. g4 Bg6 11. O-O h6 12. Be3 a6 13. Bd5 Bd6 14. g5 hxg5 15. Bxg5
Be7 16. Bxc6 bxc6 17. Kh2 Nh5 18. Be3 Qd7 19. Qd2 f5 20. Nxe5 Bd6 21. d4 Bxe5+
22. dxe5 Qxd2+ 23. Bxd2 fxe4 24. Be3 Rae8 25. Rg1 Bh7 26. Rg5 Rf3 27. Re1 Nf4
28. Bxf4 Rxf4 29. Kg3 Ref8 30. Re2 Rf3+ 31. Kg2 e3 32. Rg3 1-0

[Event "AUTO-ADV-2099"]
[Site "http://www.queenalice.com/game.php?id=964280"]
[Date "2011.7.24"]
[Round "2"]
[White "ppaazziinnii"]
[Black "IlTurlaghino"]
[Result "1-0"]
[WhiteElo "1930"]
[BlackElo "2007"]

1. e4 Nf6 2. Nc3 c5 3. Nf3 d6 4. d4 cxd4 5. Nxd4 e5 6. Bb5+ Bd7 7. Bxd7+ Qxd7 8.
Nf3 Nc6 9. Bg5 h6 10. Bxf6 gxf6 11. Nd5 Bg7 12. Nh4 O-O-O 13. Nf5 Rhg8 14. Qd2
Bh8 15. g3 h5 16. Qc3 Kb8 17. O-O-O Rc8 18. Qa3 Rcd8 19. h4 Bg7 20. Rd3 Bf8 21.
Nxf6 Qe6 22. Nxg8 d5 23. Qa4 d4 24. Rb3 Bc5 25. Ngh6 Bb6 26. f3 Na5 27. Rb5 Nc4
28. Rd1 a6 29. Rd5 Rxd5 30. Qxc4 Ra5 31. Qxe6 fxe6 32. Ng7 Rc5 33. Nxh5 Kc7 34.
g4 Ra5 35. a3 Kd7 36. g5 Bd8 37. g6 1-0

[Event "É nóis"]
[Site "http://www.queenalice.com/game.php?id=977256"]
[Date "2011.8.26"]
[Round "-"]
[White "Quiaseze"]
[Black "ppaazziinnii"]
[Result "0-1"]
[WhiteElo "1553"]
[BlackElo "1944"]

1. Nf3 Nc6 2. d4 Nf6 3. Nc3 d5 4. Bf4 Bg4 5. h3 Bh5 6. Qd3 e6 7. O-O-O Bb4 8.
Qb5 Rb8 9. Ne5 Bxc3 10. bxc3 Qd6 11. Kb2 O-O 12. g4 Bg6 13. e3 Qe7 14. Nxc6 bxc6
15. Bd6 Qxd6 16. Qxb8 Rxb8+ 17. Kc1 Ne4 18. Rg1 Qa3# 0-1